书目信息 |
| 题名: |
白门柳
|
|
| 作者: | 刘斯奋 著 | |
| 分册: | 第二部 秋露危城 | |
| 出版信息: | 郑州 河南文艺出版社 2013 |
|
| 页数: | 452页 | |
| 开本: | 24cm | |
| 丛书名: | ||
| 单 册: | ||
| 中图分类: | I247.53 | |
| 科图分类: | ||
| 主题词: | 长篇历史小说--中国--当代 , 长篇历史小说 | |
| 电子资源: | ||
| ISBN: | 978-7-80765-790-3 | |
| 000 | 00678nam0 2200229 450 | |
| 001 | 139737 | |
| 005 | 20140913110126.90 | |
| 010 | @a978-7-80765-790-3@dCNY 38.00 | |
| 100 | @a20130620d2013 em y0chiy50 ea | |
| 101 | 0 | @achi |
| 102 | @aCN@b410000 | |
| 105 | @ay z 000ay | |
| 200 | 1 | @a白门柳@Abai men liu@h第二部@i秋露危城@b专著@f刘斯奋著 |
| 210 | @a郑州@c河南文艺出版社@d2013 | |
| 215 | @a452页@d24cm | |
| 300 | @a读客知识小说文库 149 茅盾文学奖获奖作品 | |
| 606 | 0 | @a长篇历史小说@y中国@z当代 |
| 606 | 0 | @a长篇历史小说 |
| 690 | @aI247.53@v5 | |
| 701 | 0 | @a刘斯奋@Aliu si fen@c(作家,@f1944 )@4著 |
| 801 | 0 | @aCN@b021001@c20140913 |
| 905 | @a241430@dI247.53@eL6701:2 | |
| 白门柳.第二部.秋露危城/刘斯奋著.-郑州:河南文艺出版社,2013 |
| 452页;24cm |
| 读客知识小说文库 149 茅盾文学奖获奖作品 |
| ISBN 978-7-80765-790-3:CNY 38.00 |
| ● |
| 相关链接 |
|
|
|
正题名:白门柳
索取号:I247.53/L6701:2
 
预约/预借
| 序号 | 登录号 | 条形码 | 馆藏地/架位号 | 状态 | 备注 |
| 1 | 0831926 | 208319265 | 文学库108/108文学库 998排7列2层/ [索取号:I247.53/L6701:2] | 在馆 | |
| 2 | 0831927 | 208319274 | 文学库108/108文学库 998排7列2层/ [索取号:I247.53/L6701:2] | 在馆 | |
| 3 | 0831928 | 208319283 | 文学库108/108文学库 998排7列2层/ [索取号:I247.53/L6701:2] | 在馆 |